Дело о постройке дома для Якобштадтского уездного училища

Доступно только в Электронных читальных залах Найти на картеНа карте
RUSMARC
00003706nmc2a22002413x 450
00140ed68db-7294-4958-975e-866477cf9f8f
00520251118043802.0
100##$a20250710l18201821k l0rusy0189 ca
1010#$arus
$ager
102##$aRU
105##$aea##
1222#$ad
2001#$aДело о постройке дома для Якобштадтского уездного училища
$j5 сентября 1820 г. - 1 июля 1821 г.
215##$a45 л.
$cплан.; черт.
$d36,5х26 см
251##$cДело
300##$aНа русском и немецком языках
371##$aДокумент не является опубликованным и широко распространяемым
461#0$1001a74412a3-3cc5-4d21-8f0a-dfe2fbd9e72d
$12001
$aДепартамент народного просвещения Министерства народного просвещения (1803-1917)
$1251
$cФонд
$1852
$j733
462#0$1001ccc93d8c-a161-4593-b7db-1a3e4c2bc189
$12001
$aДела счетного отделения Департамента народного просвещения за 1819-1838 годы
$1251
$cОпись
$1852
$j111
801#0$aRU
$bРГИА
$c20250710
$gRCR
801#1$aRU
$bГлавНИВЦ
$c20250710
$2rusmarc
801#2$aRU
$bПБ им. Б.Н. Ельцина
$c20251118
$gRCR
$2rusmarc
850##$aРГИА
852##$aРГИА
$eФедеральное казенное учреждение "Российский государственный исторический архив" (РГИА)
$j77
937##$hРГИА
$d12093074
$aASBIBLIO_SCAN
035##$aRusGRCC00087341
856##$uhttp://readingroom.main.prlib.ru/item.aspx?id_node=n199038478&mode=full
Формат отображения